000
00229nam a2200097Ia 4500
008
190216s9999||||xx |||||||||||||| ||und||
100
_a
Null
245
0
_a
Capitalist Economics
260
_b
"Progress Publishers, Moscow"
942
_c
BK
999
_c
9160
_d
9160